Statistics for Largest Cities In Alabama

Click here to take the quiz!

General Stats

  • This quiz has been taken 46 times
  • The average score is 7 of 9

Answer Stats

Pop.City% Correct
210,710Birmingham
100%
190,265Mobile
100%
199,518Montgomery
100%
194,585Huntsville
88%
100,287Tuscaloosa
76%
68,202Dothan
58%
63,973Auburn
48%
84,920Hoover
48%
54,405Decatur
42%

Score Distribution

Percentile by Number Answered

Percent of People with Each Score

Your Score History

You have not taken this quiz